| 000 | 00603nam a2200181 i 4500 | ||
|---|---|---|---|
| 001 | 45707 | ||
| 003 | ES-MaACL | ||
| 005 | 20250418063149.0 | ||
| 007 | t| | ||
| 008 | 030326s1959 sp ||||1| spa d | ||
| 100 | 1 |
_aComín Colomer, Eduardo, _d1908-1975 _940010 |
|
| 245 | 1 | 0 |
_aEpisodios del reinado de Don Alfonso XII / _cEduardo Comín Colomer. |
| 260 |
_a[S.l. : _bs.n.], _c1959 ( _eMadrid : _fImp. La Xilográfica) |
||
| 300 |
_a56 p. : _bil. ; _c22 cm. |
||
| 651 | 4 |
_aEspaña- _xHistoria- _y1874-1885, Alfonso XII. _98265 |
|
| 852 |
_aES-MaACL _jC-17703 _bR.45791 |
||
| 999 |
_c45707 _d45707 |
||